<?xml version="1.0" encoding="UTF-8"?>
<record
    xmlns:xsi="http://www.w3.org/2001/XMLSchema-instance"
    xsi:schemaLocation="http://www.loc.gov/MARC21/slim http://www.loc.gov/standards/marcxml/schema/MARC21slim.xsd"
    xmlns="http://www.loc.gov/MARC21/slim">

  <leader>01118nam a22002777a 4500</leader>
  <controlfield tag="005">20160811092811.0</controlfield>
  <controlfield tag="008">160811b2015    ck abo||r|||| 00| 0 spa d</controlfield>
  <datafield tag="020" ind1=" " ind2=" ">
    <subfield code="a">9789587146547</subfield>
  </datafield>
  <datafield tag="040" ind1=" " ind2=" ">
    <subfield code="a">CO-BoIAVH </subfield>
    <subfield code="c">CO-BoIAVH </subfield>
  </datafield>
  <datafield tag="041" ind1="0" ind2=" ">
    <subfield code="a">spa</subfield>
  </datafield>
  <datafield tag="044" ind1=" " ind2=" ">
    <subfield code="a">ck</subfield>
  </datafield>
  <datafield tag="082" ind1="0" ind2="4">
    <subfield code="a">635.977</subfield>
    <subfield code="b">M73a</subfield>
  </datafield>
  <datafield tag="100" ind1="1" ind2=" ">
    <subfield code="a">Molina Franco, Diego.</subfield>
    <subfield code="e">autor</subfield>
  </datafield>
  <datafield tag="245" ind1="1" ind2="4">
    <subfield code="a">Los &#xE1;rboles se toman la ciudad : </subfield>
    <subfield code="b">El proceso de modernizaci&#xF3;n y la transformaci&#xF3;n del paisaje en Medell&#xED;n, 1890-1950 / </subfield>
    <subfield code="c">Diego Alejandro Molina Franco</subfield>
  </datafield>
  <datafield tag="250" ind1=" " ind2=" ">
    <subfield code="a">Primera edici&#xF3;n</subfield>
  </datafield>
  <datafield tag="260" ind1=" " ind2=" ">
    <subfield code="a">Medell&#xED;n, Colombia :</subfield>
    <subfield code="b">Editorial Universidad de Antioquia,</subfield>
    <subfield code="c">2015.</subfield>
  </datafield>
  <datafield tag="300" ind1=" " ind2=" ">
    <subfield code="a">222 p&#xE1;ginas : </subfield>
    <subfield code="b">ilustraciones, mapas y fotograf&#xED;as ; </subfield>
    <subfield code="c">24 x 17 cm.</subfield>
  </datafield>
  <datafield tag="490" ind1="0" ind2=" ">
    <subfield code="a">Colecci&#xF3;n Cl&#xED;o</subfield>
  </datafield>
  <datafield tag="500" ind1=" " ind2=" ">
    <subfield code="a">Incluye anexos.</subfield>
  </datafield>
  <datafield tag="504" ind1=" " ind2=" ">
    <subfield code="a">Incluye referencias bibliogr&#xE1;ficas.</subfield>
  </datafield>
  <datafield tag="650" ind1="2" ind2="4">
    <subfield code="a">Paisaje urbano</subfield>
    <subfield code="x">Historia</subfield>
    <subfield code="z">Medell&#xED;n (Colombia)</subfield>
  </datafield>
  <datafield tag="650" ind1="2" ind2="6">
    <subfield code="a">&#xC1;rboles callejeros</subfield>
    <subfield code="x">Historia</subfield>
    <subfield code="z">Medell&#xED;n (Colombia)</subfield>
  </datafield>
  <datafield tag="650" ind1="2" ind2="6">
    <subfield code="a">Vegetaci&#xF3;n</subfield>
    <subfield code="x">Historia</subfield>
    <subfield code="z">Medell&#xED;n (Colombia)</subfield>
  </datafield>
  <datafield tag="650" ind1="2" ind2="6">
    <subfield code="a"> Ecolog&#xED;a urbana</subfield>
    <subfield code="z">Medell&#xED;n (Colombia)</subfield>
  </datafield>
  <datafield tag="942" ind1=" " ind2=" ">
    <subfield code="2">ddc</subfield>
    <subfield code="c">LIBRO</subfield>
  </datafield>
  <datafield tag="999" ind1=" " ind2=" ">
    <subfield code="c">18955</subfield>
    <subfield code="d">18955</subfield>
  </datafield>
  <datafield tag="952" ind1=" " ind2=" ">
    <subfield code="0">0</subfield>
    <subfield code="1">0</subfield>
    <subfield code="2">ddc</subfield>
    <subfield code="4">0</subfield>
    <subfield code="7">0</subfield>
    <subfield code="8">GENERAL</subfield>
    <subfield code="I">INV2017</subfield>
    <subfield code="a">Bogota</subfield>
    <subfield code="b">Bogota</subfield>
    <subfield code="d">2016-08-11</subfield>
    <subfield code="e">Instituto</subfield>
    <subfield code="g">39000.00</subfield>
    <subfield code="l">0</subfield>
    <subfield code="o">LB-635.977 M73a</subfield>
    <subfield code="p">040590</subfield>
    <subfield code="r">2016-08-11 00:00:00</subfield>
    <subfield code="t">Ej. 1</subfield>
    <subfield code="w">2016-08-11</subfield>
    <subfield code="x">Donacion</subfield>
    <subfield code="y">LIBRO</subfield>
  </datafield>
</record>
